Countries With Most Americans - Statistics

General Stats
  • This quiz has been taken 34 times
  • The average score is 7 of 10
Answer Stats
Diaspora Country % Correct
139 K United Kingdom
100%
100 K France
97%
1.5 Million Mexico
97%
324 K Germany
94%
700 K India
78%
220 K Philippines
66%
120 K South Korea
63%
200 K Israel
53%
200 K Dominican Republic
34%
130 K Costa Rica
31%
No matching quizzes found
Score Distribution
Percent of People with Each Score
Percentile by Number Answered
Your Score History
You have not taken this quiz